000 01263nam a2200313Ia 4500
003 GCL
008 140319s9999 xx 000 0 ara d
040 _aGCL /
_cGCL
082 0 4 _a320.956
_bا ح
100 1 _aمحسن عوض
245 1 0 _aحال الامة العربية 2006 - 2007 :
_bازمات الداخل وتحديات الخارج /
_cمحسن عوض
700 1 _aجميل مطر
700 1 _aاحمد ابراهيم محمود
250 _aالاولى
260 _aبيروت :
_bمركز دراسات الوحدة العربية ،
_c2007
300 _a240 ص ؛
_c24 سم
650 0 4 _aالقضية الفلسطينية
650 0 4 _aالبطالة
650 0 4 _aالحرب الاهلية
650 0 4 _aالسودان - العلاقات الخارجية
650 0 4 _aالعالم العربى - الاحوال الاقتصادية
650 0 4 _aالعراق - الاحوال السياسية
650 0 4 _aالعالم العربى - الاحوال السياسية
650 0 4 _aالديمقراطية - العالم العربى
650 0 4 _aالدستور - تعديلات
650 0 4 _aالصومال - الاحوال السياسية
650 0 4 _aلبنان - الاحوال السياسية
942 _2ddc
_cBK
999 _c9605
_d9605